000 00727nam a2200289Ia 4500
005 20260324132903.0
008 008 260324s9999 xx 000 0 eng d
020 _a9780203497456
037 _aEBOOK
040 _aCRL
040 _beng
040 _cCRL
041 _2eng
041 _aeng
084 _qCRL
100 _aPatrick B. Miller; David K. Wiggins
_91190994
245 0 _aSport and the Color Line
245 0 _bBlack Athletes and Race Relations in Twentieth Century America
260 _bTaylor and Francis
260 _c2004
365 _a
365 _b265
856 _uhttp://www.taylorfrancis.com/books/9780203497456
942 _cEBOOK
999 _c1789508
_d1789508